16 Villes d'Europe en D et en images - Statistiques

Statistiques générales
  • Ce quiz a été pris 56 fois
  • Le résultat moyen est 6 sur 16
Statistiques - réponses
Par images Hint Réponse % Correct
Irlande Dublin
90%
Croatie Dubrovnik
83%
Allemagne Düsseldorf
67%
France Dijon
65%
Ukraine Donetsk
65%
France Dunkerque
56%
Allemagne Dresde
44%
Bretagne Dinan
35%
Hongrie Debrecen
29%
Suisse Davos
21%
Royaume-Uni Derby
6%
Roumanie Deva
0%
Belgique Dixmude
0%
Espagne Dos Hermanas
0%
Norvège Drobak
0%
Royaume-Uni Dudley
0%
Aucun quiz correspondant
Distribution des résultats
% des personnes avec chaque résultat
Percentile par nombre de réponses
Votre historique - résultats
Vous n’avez pas pris ce quiz